| 000 | 00502nam a22001457a 4500 | ||
|---|---|---|---|
| 082 | _a620.005 | ||
| 100 | _aHameed, Aakif | ||
| 245 |
_aPerformance Evaluation of Broadband Technologies in Pakistan based on Critical Success Factors / _cAakif Hameed |
||
| 260 |
_aIslamabad : _bCEME - NUST, _c2012. |
||
| 300 |
_a65 p. ; _c30cm. |
||
| 650 |
_aEngineering Management-MS-Thesis _916065 |
||
| 700 |
_aDr. Shafqat Hameed _929330 |
||
| 942 |
_2ddc _cTHE |
||
| 999 |
_c536473 _d536473 |
||